| 000 | 00778nam a2200169 i 4500 | ||
|---|---|---|---|
| 001 | 184961 | ||
| 003 | ES-MaACL | ||
| 005 | 20230906222323.0 | ||
| 008 | 160229s1968 sp |||| | spa d | ||
| 110 | 2 |
_aInstituto Central de Restauración y Conservación de Obras y Objetos de Arte, Arqueología y Etnología (España) _9163129 |
|
| 245 | 1 | 0 |
_aCatálogo de obras restauradas, 1964-1966 : _bsección de pintura. |
| 260 |
_aMadrid : _bMinisterio de Educación y Ciencia, Dirección General de Bellas Artes, _c[1968] |
||
| 300 |
_a205 p., 50 lám. ; _c24 cm. |
||
| 594 | _aPrecede al título: Instituto Central de Conservación y Restauración de Obras de Arte, Arqueología y Etnología. | ||
| 650 | 4 |
_aPintura- _xRestauración- _zEspaña. _9158887 |
|
| 852 |
_aES-MaACL _jC-46106 |
||
| 999 |
_c184961 _d184961 |
||